• 首页
  • 本馆介绍
  • 公告通知
  • 最新文献
  • 馆藏检索
  • 电子资源
  • 读者导购
  • 参考咨询
  • 我的图书馆
  • 登录
  • 详细信息显示
  • 放入我的书架
  • 预约/预借图书
  • 作者相关作品
  • 分类相关作品
  • 丛书相关作品
  • 出版社相关作品

书目信息

  • 表格格式
  • 工作单格式
  • 卡片格式
书名: Electromechanics
作者: James H. Harter.
分册号:
分册名:
出版地: Englewood Cliffs, NJ :
 
出版社: Prentice Hall
出版时间: c1995.
页数: xxiii, 594 p. :
开本: 25 cm.
丛书名:
中图分类号:
科图分类号:
其他分类号: TK
主题词:
电子资源:
000 00952pam a2200277 a 450
001 E0739664898
005 20070425110212.51
008 940223s1995 njua 001 0 eng
010    @a94008458
020    @a0023511915.
035    @A(DLC) 94008458
040    @aDLC@cDLC@dDLC
050 00 @aTK2000@b.H34 1995
082 00 @a621.31/042@2 20
090    @aTK
099    @dTK@ex3
100 1  @aHarter, James H.
245 10 @aElectromechanics :@bprinciples, concepts, and devices / @cJames H. Harter.
260    @aEnglewood Cliffs, NJ :@bPrentice Hall,@cc1995.
300    @axxiii, 594 p. :@bill. ;@c25 cm.
500    @aIncludes index.
650  0 @aElectromechanical devices.
650  0 @aElectrodynamics.
906    @a7@bcbc@corignew@d1@eocip@f19@gy-gencatlg
955    @apc03 to ja00 02-23-94; jf10 to sub. 02-23-94; jf08 02-23-94 to SL; jf14 02-24-94; aa00 02-25-94; CIP ver. jc10 10-12-94
991    @bc-GenColl@hTK2000@i.H34 1995@tCopy 1@wBOOKS
    
    Electromechanics : : principles, concepts, and devices / / James H. Harter.-Englewood Cliffs, NJ : : Prentice Hall, , c1995.
    xxiii, 594 p. : : ill. ; ; 25 cm.
    Includes index.
    
    ISBN 0023511915.
    
●
相关链接 在E读中查询图书 在五车中查询图书 在当当中查询图书 在豆瓣中查询图书


正题名:Electromechanics     索取号:TK/x3         预约/预借

序号 登录号 条形码 馆藏地/架位号 状态 备注
1 5384   300053849   第二样本阅览室/ [索取号:TK/x3] 在馆    
唐山师范学院图书馆 欢迎您!
大连网信软件有限公司© 版权所有